Los Padres de la Iglesia (Record no. 113843)

MARC details
000 -LEADER
campo de control de longitud fija 00636nam a2200181 i 4500
001 - NÚMERO DE CONTROL
campo de control 113843
003 - IDENTIFICADOR DE NÚMERO DE CONTROL
campo de control ES-MaACL
005 - FECHA Y HORA DE LA ÚLTIMA TRANSACCIÓN
campo de control 20250820122148.0
007 - CAMPO FIJO DE DESCRIPCIÓN FÍSICA--INFORMACIÓN GENERAL
campo de control de longitud fija t|
008 - DATOS DE LONGITUD FIJA--INFORMACIÓN GENERAL
campo de control de longitud fija 061121s1971 sp r ||||1| spa d
245 00 - MENCIÓN DEL TÍTULO
Título Los Padres de la Iglesia
Resto del título : textos doctrinales del cristianismo desde los orígenes hasta san Atanasio /
Mención de responsabilidad, etc. selección y traducción de José Vives, S.I.
260 ## - PUBLICACIÓN, DISTRIBUCIÓN, ETC.
Lugar de publicación, distribución, etc. Barcelona :
Nombre del editor, distribuidor, etc. Herder,
Fecha de publicación, distribución, etc. 1971.
300 ## - DESCRIPCIÓN FÍSICA
Extensión VIII, 502 p. ;
Dimensiones 21 cm.
650 #7 - PUNTO DE ACCESO ADICIONAL DE MATERIA--TÉRMINO DE MATERIA
Término de materia o nombre geográfico como elemento de entrada Literatura cristiana primitiva
Fuente del encabezamiento o término embne
9 (RLIN) 14529
700 1# - ENTRADA AGREGADA--NOMBRE PERSONAL
Nombre de persona Vives, Josep,
Fechas asociadas al nombre 1928-2015
9 (RLIN) 115573
852 4# - LOCALIZACIÓN
Ubicación ES-MaACL
Número de control de estantería C-45120
Holdings
Estatus retirado Estado de pérdida Estado de daño No para préstamo Biblioteca de origen Biblioteca actual Ubicación en estantería Fecha de adquisición Fuente de adquisición Total de préstamos Signatura topográfica completa Código de barras Visto por última vez Precio de reemplazo Tipo de ítem Koha
        Biblioteca del Ateneo de Madrid Biblioteca del Ateneo de Madrid Depósito 2 17/01/2008     C-45120 1118728 23/02/2023 23/02/2023 Libro impreso